Introduction to educational psychology / (Record no. 2150)
[ view plain ]
| 000 -LEADER | |
|---|---|
| fixed length control field | 00721cam a22002292 4500 |
| 001 - CONTROL NUMBER | |
| control field | 0000003561 |
| 005 - DATE AND TIME OF LATEST TRANSACTION | |
| control field | 20151217145736.0 |
| 008 - FIXED-LENGTH DATA ELEMENTS--GENERAL INFORMATION | |
| fixed length control field | 070509s xx 000 0 eng d |
| 020 ## - INTERNATIONAL STANDARD BOOK NUMBER | |
| International Standard Book Number | 9966464891 : |
| Terms of availability | KES 560 |
| 040 ## - CATALOGING SOURCE | |
| Original cataloging agency | KABU |
| Transcribing agency | KABU |
| 050 #0 - LIBRARY OF CONGRESS CALL NUMBER | |
| Classification number | LB1051 |
| Item number | .I54 |
| 100 1# - MAIN ENTRY--PERSONAL NAME | |
| Personal name | Ingule, Frank O. |
| -- | 0000153563 |
| 245 10 - TITLE STATEMENT | |
| Title | Introduction to educational psychology / |
| Statement of responsibility, etc. | Frank O. Ingule, Ruthie C. Rono, Phillomena W. Ndambuki. |
| 260 ## - PUBLICATION, DISTRIBUTION, ETC. (IMPRINT) | |
| Place of publication, distribution, etc. | Nairobi : |
| Name of publisher, distributor, etc. | EAEP, |
| Date of publication, distribution, etc. | 1996. |
| 300 ## - PHYSICAL DESCRIPTION | |
| Extent | 445 p. |
| 650 #0 - SUBJECT ADDED ENTRY--TOPICAL TERM | |
| Topical term or geographic name as entry element | Educational psychology. |
| -- | 0000153557 |
| 700 1# - ADDED ENTRY--PERSONAL NAME | |
| Personal name | Rono, Ruthie C. |
| -- | 0000153564 |
| 700 1# - ADDED ENTRY--PERSONAL NAME | |
| Personal name | Ndambuki, Phillomena W. |
| -- | 0000153565 |
| 908 ## - PUT COMMAND PARAMETER (RLIN) | |
| Put command parameter | 070509 |
| 950 ## - LOCAL HOLDINGS (RLIN) | |
| -- | 1 |
| Withdrawn status | Lost status | Source of classification or shelving scheme | Damaged status | Not for loan | Home library | Current library | Date acquired | Total Checkouts | Full call number | Barcode | Date last seen | Date last checked out | Price effective from | Koha item type |
|---|---|---|---|---|---|---|---|---|---|---|---|---|---|---|
| Lost | Library of Congress Classification | Kabarak, Main Campus | Kabarak, Main Campus | 17/12/2015 | 1 | LB1051 .I54 | 006894 | 26/01/2016 | 26/01/2016 | 17/12/2015 | General Collection | |||
| Library of Congress Classification | Kabarak, Main Campus | Kabarak, Main Campus | 17/12/2015 | LB1051 .I54 | 010420 | 17/12/2015 | 17/12/2015 | General Collection |